Państwa Które Brały Udział W MŚ 2022 - Statystyki

Ogólne statystyki
  • Ten quiz został rozwiązany 67 razy
  • Średni wynik to 26 z 32
Statystyki odpowiedzi
Grupa Państwo % Poprawnych
Grupa C Polska
100%
Grupa C Arabia Saudyjska
98%
Grupa C Argentyna
96%
Grupa D Francja
96%
Grupa H Portugalia
96%
Grupa G Brazylia
93%
Grupa C Meksyk
93%
Grupa A Holandia
91%
Grupa B Anglia
89%
Grupa E Hiszpania
89%
Grupa F Maroko
89%
Grupa B Usa
89%
Grupa F Belgia
87%
Grupa E Niemcy
87%
Grupa D Dania
85%
Grupa E Japonia
85%
Grupa D Australia
83%
Grupa A Katar
83%
Grupa F Kanada
80%
Grupa H Korea Południowa
80%
Grupa A Senegal
78%
Grupa F Chorwacja
76%
Grupa H Urugwaj
74%
Grupa A Ekwador
72%
Grupa G Serbia
72%
Grupa H Ghana
70%
Grupa B Iran
67%
Grupa E Kostaryka
67%
Grupa G Szwajcaria
67%
Grupa B Walia
67%
Grupa G Kamerun
54%
Grupa D Tunezja
54%
Nie znaleziono quizów pasujących do podanych kryteriów
Rozkład punktacji
Procent ludzi z każdym wynikiem
Percentyl według liczby udzielonych odpowiedzi
Twoja historia wyników
Nie rozwiązałeś tego quizu